00611nam a2200145 a 450000500170000000800410001702000180005805000270007610000190010324501420012226000400026450000180030499900190032295201240034120140412111426.0090626s19uu xx 00 eng d a0-439-15587-8 aTR(GS 372.41bF62 2005 aFleming, Maria aMini book of the week :b40 easy to read mini books on fiction and non fiction topics for every week of the school year /cMaria Fleming. a0-439-05921-6 :bScholastic,c2005. aGrades K - 2 c106228d106228 00104050aELbELcTRd2009-06-26eGiftg295.00l0oTR(GS 372.41 F62 2005pE11461r2014-04-12 00:00:00w2014-04-12yBK